000 00724nam a2200229Ia 4500
001 8931
003 GE_BSU
008 181216s||||||||xx |||||||||||||| ||und||
040 _cGE_BSU
080 _a821.353.1–31
100 _aკეჭაღმაძე,გიორგი
245 _aმეთორმეტე ზარი
245 _bრომანი
245 _cრედ.ნ.არჯევანიძე. მხატვ. დ.ზარაფიშვილი
260 _aთბილისი
260 _bნაკადული
260 _c1966
300 _a243გვ.ილ.20სმ.
653 _aმეთორმეტე ზარი
653 _aრომანი
942 _cBK
999 _c42236
_d42236